[Event "Moscow Open 2018 F"]
[Site "?"]
[Date "2018.02.02"]
[Round "8.15"]
[White "Oguzov, Shamil"]
[Black "Lebedev, Oleg"]
[Result "1-0"]
[BlackElo "2079"]
[WhiteElo "2220"]
[LiveChessVersion "1.4.8"]

1. e4 {[%clk 1:19:41]} g6 {[%clk 1:22:01]} 2. d4 {[%clk 1:19:57]} Bg7
{[%clk 1:22:14]} 3. Ne2 {[%clk 1:15:56]} d6 {[%clk 1:22:38]} 4. Nbc3
{[%clk 1:15:55]} a6 {[%clk 1:22:39]} 5. g3 {[%clk 1:16:02]} b5 {[%clk 1:22:56]}
6. a3 {[%clk 1:16:19]} Bb7 {[%clk 1:23:19]} 7. Bg2 {[%clk 1:16:42]} Nd7
{[%clk 1:23:27]} 8. Be3 {[%clk 1:17:00]} e6 {[%clk 1:20:22]} 9. O-O
{[%clk 1:15:55]} Ne7 {[%clk 1:20:39]} 10. Qd2 {[%clk 1:14:33]} O-O
{[%clk 1:19:42]} 11. Rad1 {[%clk 1:14:18]} Rc8 {[%clk 1:19:51]} 12. h3
{[%clk 1:13:39]} Ba8 {[%clk 1:09:51]} 13. g4 {[%clk 1:03:18]} e5 {[%clk 1:03:20]}
14. f4 {[%clk 0:50:06]} f6 {[%clk 0:58:36]} 15. dxe5 {[%clk 0:42:25]} fxe5
{[%clk 0:56:51]} 16. f5 {[%clk 0:42:50]} gxf5 {[%clk 0:56:39]} 17. exf5
{[%clk 0:43:05]} Bxg2 {[%clk 0:26:31]} 18. Kxg2 {[%clk 0:41:55]} Rb8
{[%clk 0:24:10]} 19. Nd5 {[%clk 0:34:30]} Rf7 {[%clk 0:07:39]} 20. Ng3
{[%clk 0:29:55]} Nxd5 {[%clk 0:06:16]} 21. Qxd5 {[%clk 0:29:08]} h6
{[%clk 0:06:35]} 22. Qd2 {[%clk 0:23:59]} Kh7 {[%clk 0:05:09]} 23. f6
{[%clk 0:14:55]} Nxf6 {[%clk 0:03:48]} 24. Qd3+ {[%clk 0:15:11]} Kh8
{[%clk 0:01:28]} 25. Qg6 {[%clk 0:15:04]} Qg8 {[%clk 0:01:56]} 26. Bxh6
{[%clk 0:07:59]} Bxh6 {[%clk 0:02:22]} 27. Qxh6+ {[%clk 0:08:20]} Nh7
{[%clk 0:02:47]} 28. Rxf7 {[%clk 0:02:43]} Qxf7 {[%clk 0:03:16]} 29. Rf1
{[%clk 0:02:38]} Qg7 {[%clk 0:03:40]} 30. Qe6 {[%clk 0:02:31]} Rf8
{[%clk 0:02:41]} 31. Rf5 {[%clk 0:02:02]} Ng5 {[%clk 0:01:54]} 32. Qd5
{[%clk 0:02:00]} Rxf5 {[%clk 0:01:07]} 33. Nxf5 {[%clk 0:02:26]} Qf7
{[%clk 0:01:00]} 34. Qd2 {[%clk 0:02:15]} Qf6 {[%clk 0:01:04]} 35. h4
{[%clk 0:01:22]} Ne6 {[%clk 0:01:19]} 36. Kg3 {[%clk 0:01:14]} Ng7
{[%clk 0:00:50]} 37. Qh6+ {[%clk 0:00:33]} Qxh6 {[%clk 0:01:18]} 38. Nxh6
{[%clk 0:01:00]} Kh7 {[%clk 0:01:42]} 39. g5 {[%clk 0:01:11]} Kg6
{[%clk 0:02:03]} 40. Kg4 {[%clk 0:01:27]} d5 {[%clk 0:01:15]} 41. Nf5
{[%clk 0:01:04]} Kf7 {[%clk 0:00:38]} 42. h5 {[%clk 0:00:41]} Nxf5
{[%clk 0:01:01]} 43. Kxf5 {[%clk 0:01:08]} e4 {[%clk 0:01:29]} 44. g6+
{[%clk 0:01:29]} Kg8 {[%clk 0:01:17]} 45. h6 {[%clk 0:01:26]} e3 {[%clk 0:01:45]}
46. Kf6 {[%clk 0:01:48]} e2 {[%clk 0:02:02]} 47. h7+ {[%clk 0:02:15]} Kh8
{[%clk 0:02:29]} 48. Kf7 {[%clk 0:02:29]} e1=Q {[%clk 0:02:28]} 49. g7+
{[%clk 0:02:55]} Kxh7 {[%clk 0:02:55]} 50. g8=Q+ {[%clk 0:03:19]} 1-0

[Event "Moscow Open 2018 F"]
[Site "?"]
[Date "2018.02.02"]
[Round "8.16"]
[White "Kasparov, Aram"]
[Black "Platonov, Dmitriy"]
[Result "0-1"]
[BlackElo "2190"]
[WhiteElo "1986"]
[LiveChessVersion "1.4.8"]

1. e4 {[%clk 1:29:40]} c5 {[%clk 1:30:47]} 2. Nf3 {[%clk 1:29:54]} e6
{[%clk 1:31:12]} 3. d4 {[%clk 1:29:44]} cxd4 {[%clk 1:31:35]} 4. Nxd4
{[%clk 1:30:00]} a6 {[%clk 1:31:58]} 5. Bd3 {[%clk 1:28:17]} Qc7 {[%clk 1:32:19]}
6. O-O {[%clk 1:24:07]} Nf6 {[%clk 1:32:37]} 7. Qe2 {[%clk 1:21:58]} d6
{[%clk 1:32:54]} 8. c4 {[%clk 1:18:02]} Nbd7 {[%clk 1:33:12]} 9. Nc3
{[%clk 1:18:00]} Ne5 {[%clk 1:33:26]} 10. Kh1 {[%clk 1:13:22]} Be7
{[%clk 1:33:24]} 11. Bg5 {[%clk 1:12:17]} O-O {[%clk 1:25:42]} 12. f4
{[%clk 1:10:07]} Nxd3 {[%clk 1:25:59]} 13. Qxd3 {[%clk 1:10:33]} b6
{[%clk 0:55:47]} 14. f5 {[%clk 1:07:13]} Bd7 {[%clk 0:53:24]} 15. b3
{[%clk 0:49:46]} Qc5 {[%clk 0:45:40]} 16. Be3 {[%clk 0:49:30]} Qc7
{[%clk 0:30:33]} 17. h3 {[%clk 0:43:23]} Rac8 {[%clk 0:30:33]} 18. Rac1
{[%clk 0:42:58]} Qb7 {[%clk 0:30:39]} 19. a4 {[%clk 0:38:14]} e5 {[%clk 0:24:30]}
20. Nde2 {[%clk 0:37:20]} b5 {[%clk 0:24:50]} 21. axb5 {[%clk 0:36:41]} axb5
{[%clk 0:25:11]} 22. Nd5 {[%clk 0:23:00]} Nxd5 {[%clk 0:25:26]} 23. exd5
{[%clk 0:23:19]} bxc4 {[%clk 0:17:07]} 24. bxc4 {[%clk 0:22:36]} f6
{[%clk 0:15:51]} 25. Ng3 {[%clk 0:17:17]} Qa6 {[%clk 0:10:28]} 26. Rc3
{[%clk 0:13:39]} Rc7 {[%clk 0:07:50]} 27. Rfc1 {[%clk 0:13:56]} Rb8
{[%clk 0:07:05]} 28. Ra3 {[%clk 0:09:16]} Ba4 {[%clk 0:03:34]} 29. Rca1
{[%clk 0:06:58]} Rxc4 {[%clk 0:03:53]} 30. Rxa4 {[%clk 0:07:10]} Rc1+
{[%clk 0:04:02]} 31. Bxc1 {[%clk 0:05:07]} Qxd3 {[%clk 0:04:21]} 32. Kh2
{[%clk 0:05:26]} Qxd5 {[%clk 0:03:54]} 33. Rg4 {[%clk 0:05:49]} Kf7
{[%clk 0:02:26]} 34. Nh5 {[%clk 0:02:04]} g6 {[%clk 0:02:41]} 35. Ng3
{[%clk 0:02:07]} g5 {[%clk 0:02:12]} 36. Rga4 {[%clk 0:02:05]} Qc6
{[%clk 0:02:12]} 37. Ra6 {[%clk 0:02:24]} Qc7 {[%clk 0:02:07]} 38. Ba3
{[%clk 0:02:17]} Rb6 {[%clk 0:02:05]} 39. Ra8 {[%clk 0:02:16]} Qb7
{[%clk 0:01:56]} 40. Bc1 {[%clk 0:01:56]} Qd7 {[%clk 0:01:58]} 41. Rh8
{[%clk 0:02:08]} Kg7 {[%clk 0:01:26]} 42. Raa8 {[%clk 0:02:36]} Kh6
{[%clk 0:00:38]} 43. Rag8 {[%clk 0:03:05]} Rb8 {[%clk 0:00:32]} 44. Rg6#
{[%clk 0:03:27]} 0-1

[Event "Moscow Open 2018 F"]
[Site "?"]
[Date "2018.02.03"]
[Round "9.1"]
[White "Paravyan, David"]
[Black "Aleksandrovskiy, Dmitriy"]
[Result "1-0"]
[BlackElo "2239"]
[WhiteElo "2603"]
[LiveChessVersion "1.4.8"]

1. g3 {[%clk 1:28:19]} d5 {[%clk 1:30:31]} 2. Nf3 {[%clk 1:27:25]} Nf6
{[%clk 1:30:48]} 3. Bg2 {[%clk 1:27:52]} c6 {[%clk 1:30:56]} 4. O-O
{[%clk 1:28:17]} Bf5 {[%clk 1:31:07]} 5. d3 {[%clk 1:28:38]} e6 {[%clk 1:31:25]}
6. Nbd2 {[%clk 1:29:03]} Be7 {[%clk 1:31:28]} 7. Nh4 {[%clk 1:26:51]} Bg4
{[%clk 1:30:55]} 8. h3 {[%clk 1:27:17]} Bh5 {[%clk 1:31:19]} 9. g4
{[%clk 1:26:49]} Nfd7 {[%clk 1:30:11]} 10. gxh5 {[%clk 1:27:13]} Bxh4
{[%clk 1:30:33]} 11. e4 {[%clk 1:26:47]} O-O {[%clk 1:29:00]} 12. f4
{[%clk 1:25:03]} f5 {[%clk 1:28:10]} 13. Qe2 {[%clk 1:23:22]} Na6
{[%clk 1:23:51]} 14. Nf3 {[%clk 1:22:04]} fxe4 {[%clk 1:21:54]} 15. dxe4
{[%clk 1:22:28]} Nac5 {[%clk 1:21:34]} 16. e5 {[%clk 1:14:20]} Ne4
{[%clk 1:18:55]} 17. Nxh4 {[%clk 1:13:02]} Qxh4 {[%clk 1:19:18]} 18. Qg4
{[%clk 1:11:18]} Qe7 {[%clk 1:19:24]} 19. Be3 {[%clk 1:10:21]} Rf5
{[%clk 1:16:33]} 20. Bf3 {[%clk 1:02:18]} Qf7 {[%clk 1:13:19]} 21. Qg2
{[%clk 0:59:18]} Rxh5 {[%clk 1:06:59]} 22. Bxh5 {[%clk 0:59:33]} Qxh5
{[%clk 1:07:26]} 23. c4 {[%clk 0:57:55]} a6 {[%clk 1:04:11]} 24. cxd5
{[%clk 0:58:15]} exd5 {[%clk 1:04:32]} 25. Qg4 {[%clk 0:55:31]} Qxg4+
{[%clk 1:04:44]} 26. hxg4 {[%clk 0:55:57]} g5 {[%clk 1:04:23]} 27. e6
{[%clk 0:51:55]} gxf4 {[%clk 1:04:19]} 28. Rxf4 {[%clk 0:52:21]} Nf8
{[%clk 1:04:43]} 29. Rf7 {[%clk 0:52:34]} Nxe6 {[%clk 1:02:21]} 30. Re7
{[%clk 0:52:58]} N6g5 {[%clk 0:59:23]} 31. Rf1 {[%clk 0:52:20]} Rf8
{[%clk 0:57:52]} 32. Rxf8+ {[%clk 0:52:42]} Kxf8 {[%clk 0:58:18]} 33. Rxb7
{[%clk 0:52:31]} Nf3+ {[%clk 0:58:28]} 34. Kg2 {[%clk 0:52:56]} Ne5
{[%clk 0:58:48]} 35. g5 {[%clk 0:49:38]} c5 {[%clk 0:57:22]} 36. Rxh7
{[%clk 0:49:15]} Nf7 {[%clk 0:53:16]} 37. g6 {[%clk 0:49:10]} Ne5
{[%clk 0:53:40]} 38. Bh6+ {[%clk 0:49:21]} Kg8 {[%clk 0:53:33]} 39. Re7
{[%clk 0:49:46]} 1-0

[Event "Moscow Open 2018 F"]
[Site "?"]
[Date "2018.02.03"]
[Round "9.2"]
[White "Ivlev, Aleksey"]
[Black "Mokshanov, Alexey"]
[Result "0-1"]
[BlackElo "2415"]
[WhiteElo "2300"]
[LiveChessVersion "1.4.8"]

1. d4 {[%clk 1:30:58]} Nf6 {[%clk 1:30:32]} 2. Nf3 {[%clk 1:31:22]} d5
{[%clk 1:30:57]} 3. c4 {[%clk 1:31:48]} e6 {[%clk 1:31:24]} 4. Nc3
{[%clk 1:32:08]} c6 {[%clk 1:31:39]} 5. g3 {[%clk 1:25:48]} dxc4 {[%clk 1:26:42]}
6. Bg2 {[%clk 1:26:13]} Nbd7 {[%clk 1:12:54]} 7. O-O {[%clk 1:25:09]} Be7
{[%clk 1:11:10]} 8. e4 {[%clk 1:23:32]} O-O {[%clk 1:06:47]} 9. a4
{[%clk 1:21:23]} a5 {[%clk 0:59:03]} 10. Qc2 {[%clk 1:18:15]} b6 {[%clk 0:53:46]}
11. Be3 {[%clk 1:16:33]} Ba6 {[%clk 0:48:47]} 12. Rad1 {[%clk 1:14:49]} Qc8
{[%clk 0:43:22]} 13. Rfe1 {[%clk 1:10:31]} Re8 {[%clk 0:40:26]} 14. h3
{[%clk 1:08:12]} h6 {[%clk 0:25:29]} 15. Bf1 {[%clk 1:02:57]} b5 {[%clk 0:23:34]}
16. axb5 {[%clk 1:00:14]} cxb5 {[%clk 0:23:45]} 17. e5 {[%clk 1:00:37]} Nd5
{[%clk 0:22:46]} 18. Nxd5 {[%clk 1:01:02]} exd5 {[%clk 0:23:15]} 19. e6
{[%clk 1:00:11]} Nf8 {[%clk 0:20:53]} 20. exf7+ {[%clk 0:58:21]} Kxf7
{[%clk 0:21:22]} 21. Ne5+ {[%clk 0:58:40]} Kg8 {[%clk 0:21:51]} 22. Be2
{[%clk 0:58:43]} Bf6 {[%clk 0:17:11]} 23. Ng4 {[%clk 0:55:35]} Be7
{[%clk 0:11:40]} 24. Bf3 {[%clk 0:53:25]} Bb7 {[%clk 0:11:37]} 25. Bxh6
{[%clk 0:53:26]} Ra6 {[%clk 0:09:06]} 26. Bc1 {[%clk 0:52:28]} Bb4
{[%clk 0:05:49]} 27. Re5 {[%clk 0:52:23]} Rxe5 {[%clk 0:05:51]} 28. dxe5
{[%clk 0:52:29]} Qe6 {[%clk 0:06:03]} 29. Bf4 {[%clk 0:50:19]} Ra8
{[%clk 0:05:07]} 30. Ne3 {[%clk 0:50:01]} Rd8 {[%clk 0:04:56]} 31. h4
{[%clk 0:42:32]} Qf7 {[%clk 0:04:17]} 32. Nf5 {[%clk 0:39:51]} Ne6
{[%clk 0:03:32]} 33. Be3 {[%clk 0:39:25]} d4 {[%clk 0:02:31]} 34. Nxd4
{[%clk 0:26:04]} Bxf3 {[%clk 0:01:48]} 35. Nxf3 {[%clk 0:26:27]} Qxf3
{[%clk 0:02:17]} 36. Rxd8+ {[%clk 0:26:46]} Nxd8 {[%clk 0:02:46]} 37. Qg6
{[%clk 0:27:05]} Qc6 {[%clk 0:03:03]} 38. Qg5 {[%clk 0:26:56]} Nf7
{[%clk 0:03:20]} 39. Qf5 {[%clk 0:26:25]} g6 {[%clk 0:03:45]} 40. Qf4
{[%clk 0:26:37]} c3 {[%clk 0:02:39]} 41. bxc3 {[%clk 0:26:55]} Bxc3
{[%clk 0:03:00]} 42. e6 {[%clk 0:27:24]} Qxe6 {[%clk 0:03:29]} 43. Qb8+
{[%clk 0:27:53]} Kh7 {[%clk 0:03:11]} 44. Qxb5 {[%clk 0:28:16]} Qf5
{[%clk 0:03:20]} 45. Qc4 {[%clk 0:28:13]} Bg7 {[%clk 0:03:38]} 46. Bf4
{[%clk 0:27:19]} Ne5 {[%clk 0:03:43]} 47. Bxe5 {[%clk 0:21:29]} Qxe5
{[%clk 0:04:12]} 48. g4 {[%clk 0:18:23]} Qf6 {[%clk 0:02:37]} 49. h5
{[%clk 0:17:37]} gxh5 {[%clk 0:01:25]} 50. gxh5 {[%clk 0:18:06]} Qg5+
{[%clk 0:01:42]} 51. Kf1 {[%clk 0:18:23]} Qxh5 {[%clk 0:01:26]} 52. Qe4+
{[%clk 0:17:58]} Kg8 {[%clk 0:01:45]} 53. Qe6+ {[%clk 0:15:12]} Kh8
{[%clk 0:01:59]} 54. Qc8+ {[%clk 0:15:13]} Kh7 {[%clk 0:02:27]} 55. Qc2+
{[%clk 0:14:52]} Qg6 {[%clk 0:02:55]} 56. Qc4 {[%clk 0:14:14]} Qf5
{[%clk 0:03:03]} 57. Qh4+ {[%clk 0:14:11]} Kg8 {[%clk 0:02:50]} 58. Qc4+
{[%clk 0:14:14]} Kf8 {[%clk 0:03:17]} 59. Qc6 {[%clk 0:13:43]} Qh3+
{[%clk 0:02:34]} 60. Ke2 {[%clk 0:13:44]} Qc3 {[%clk 0:02:51]} 61. Qd6+
{[%clk 0:10:18]} Ke8 {[%clk 0:03:06]} 62. Qe6+ {[%clk 0:10:30]} Kd8
{[%clk 0:03:28]} 63. f4 {[%clk 0:10:48]} Kc7 {[%clk 0:03:13]} 64. Qa6
{[%clk 0:09:27]} Bd4 {[%clk 0:03:27]} 65. f5 {[%clk 0:08:15]} Qc2+
{[%clk 0:03:34]} 66. Ke1 {[%clk 0:07:19]} Bc3+ {[%clk 0:03:58]} 67. Kf1
{[%clk 0:07:46]} Qxf5+ {[%clk 0:04:23]} 68. Ke2 {[%clk 0:08:07]} Qe5+
{[%clk 0:04:21]} 69. Kf3 {[%clk 0:08:12]} Qf6+ {[%clk 0:04:50]} 0-1

[Event "Moscow Open 2018 F"]
[Site "?"]
[Date "2018.02.03"]
[Round "9.3"]
[White "Kozionov, Kirill"]
[Black "Zakhartsov, Vladimir"]
[Result "0-1"]
[BlackElo "2472"]
[WhiteElo "2423"]
[LiveChessVersion "1.4.8"]

1. e4 {[%clk 1:23:52]} c5 2. Nf3 d6 {[%clk 1:30:44]} 3. d4 {[%clk 1:24:32]} Nf6
{[%clk 1:31:09]} 4. Nc3 {[%clk 1:24:58]} cxd4 5. Nxd4 {[%clk 1:25:24]} a6
{[%clk 1:32:04]} 6. h4 {[%clk 1:25:16]} g6 {[%clk 1:27:08]} 7. Be2
{[%clk 1:17:01]} h5 {[%clk 1:26:36]} 8. Bg5 {[%clk 1:16:48]} Bg7 {[%clk 1:26:58]}
9. Qd2 {[%clk 1:15:31]} Nc6 {[%clk 1:26:51]} 10. Nb3 {[%clk 1:11:48]} Be6
{[%clk 1:26:41]} 11. O-O-O {[%clk 1:11:48]} Rc8 {[%clk 1:25:55]} 12. Kb1
{[%clk 1:11:59]} Na5 {[%clk 1:16:34]} 13. f3 {[%clk 1:11:43]} Nc4
{[%clk 1:15:35]} 14. Bxc4 {[%clk 1:11:52]} Bxc4 {[%clk 1:15:50]} 15. Rhe1
{[%clk 1:05:35]} Qc7 {[%clk 1:15:49]} 16. Nd5 {[%clk 0:51:13]} Bxd5
{[%clk 1:16:11]} 17. exd5 {[%clk 0:51:40]} O-O {[%clk 1:16:22]} 18. Re2
{[%clk 0:49:00]} Rfe8 {[%clk 1:11:58]} 19. Qd3 {[%clk 0:41:59]} Nd7
{[%clk 1:08:01]} 20. g4 {[%clk 0:40:52]} Ne5 {[%clk 1:03:58]} 21. Qe4
{[%clk 0:41:16]} hxg4 {[%clk 1:03:07]} 22. fxg4 {[%clk 0:39:08]} Qd7
{[%clk 1:02:19]} 23. Rd4 {[%clk 0:38:56]} e6 {[%clk 1:01:15]} 24. dxe6
{[%clk 0:32:45]} Rxe6 {[%clk 1:01:37]} 25. Qd5 {[%clk 0:31:04]} Rce8
{[%clk 0:50:08]} 26. Ree4 {[%clk 0:29:16]} Qc8 {[%clk 0:45:16]} 27. h5
{[%clk 0:25:51]} Nc6 {[%clk 0:43:07]} 28. hxg6 {[%clk 0:25:27]} Nxd4
{[%clk 0:42:06]} 29. gxf7+ {[%clk 0:24:56]} Kxf7 {[%clk 0:41:54]} 30. Nxd4
{[%clk 0:25:01]} Bxd4 {[%clk 0:41:58]} 31. Rxd4 {[%clk 0:19:23]} Qc5
{[%clk 0:40:02]} 32. Qf3+ {[%clk 0:19:49]} Kg8 {[%clk 0:39:37]} 33. Rd5
{[%clk 0:19:29]} Re1+ {[%clk 0:35:38]} 34. Bc1 {[%clk 0:19:44]} Qe3
{[%clk 0:36:06]} 35. Qxe3 {[%clk 0:18:15]} R8xe3 {[%clk 0:36:35]} 36. b3
{[%clk 0:18:12]} Rf3 {[%clk 0:33:01]} 37. Kb2 {[%clk 0:18:18]} Rff1
{[%clk 0:33:15]} 38. Bd2 {[%clk 0:17:33]} Rb1+ {[%clk 0:33:29]} 39. Kc3
{[%clk 0:11:26]} Rf3+ {[%clk 0:33:40]} 40. Rd3 {[%clk 0:11:19]} Rxd3+
{[%clk 0:33:34]} 41. Kxd3 {[%clk 0:11:39]} Rg1 {[%clk 0:33:52]} 42. g5
{[%clk 0:11:31]} Kf7 {[%clk 0:34:09]} 43. a4 {[%clk 0:11:36]} Ke6
{[%clk 0:34:15]} 44. Be3 Rg4 {[%clk 0:34:17]} 45. Bc1 {[%clk 0:04:14]} d5
{[%clk 0:33:45]} 46. a5 {[%clk 0:03:37]} d4 {[%clk 0:31:41]} 47. Ba3
{[%clk 0:02:34]} Rxg5 {[%clk 0:31:30]} 48. Kxd4 {[%clk 0:02:56]} Rxa5
{[%clk 0:31:56]} 49. Bf8 {[%clk 0:03:04]} Rd5+ {[%clk 0:31:36]} 50. Kc4
{[%clk 0:03:17]} Ke5 {[%clk 0:31:49]} 51. Bg7+ {[%clk 0:03:22]} Ke4
{[%clk 0:32:12]} 52. Kc3 {[%clk 0:03:45]} Ke3 {[%clk 0:31:37]} 53. Kb2
{[%clk 0:04:10]} Rh5 {[%clk 0:31:27]} 54. Bc3 {[%clk 0:02:43]} Ke2 55. Bf6
{[%clk 0:02:50]} Kd2 {[%clk 0:31:26]} 56. Bg7 {[%clk 0:02:48]} Rh2
{[%clk 0:31:26]} 57. Kb1 {[%clk 0:03:05]} Kd1 {[%clk 0:31:27]} 58. c3
{[%clk 0:02:36]} Rc2 {[%clk 0:31:27]} 59. c4 {[%clk 0:02:32]} Kd2
{[%clk 0:31:37]} 60. Bf6 {[%clk 0:02:36]} Kd3 {[%clk 0:32:01]} 61. Bb2
{[%clk 0:02:59]} Rg2 {[%clk 0:32:24]} 62. Bf6 {[%clk 0:03:21]} a5
{[%clk 0:32:18]} 63. Be5 a4 {[%clk 0:31:50]} 64. bxa4 {[%clk 0:03:40]} Kxc4
{[%clk 0:32:16]} 65. a5 {[%clk 0:04:00]} Kb3 {[%clk 0:32:36]} 0-1

[Event "Moscow Open 2018 F"]
[Site "?"]
[Date "2018.02.03"]
[Round "9.4"]
[White "Styazhkina, Anna"]
[Black "Kezin, Roman"]
[Result "1/2-1/2"]
[BlackElo "2450"]
[WhiteElo "2283"]
[LiveChessVersion "1.4.8"]

1. e4 {[%clk 1:22:57]} c5 {[%clk 1:22:17]} 2. Nf3 {[%clk 1:23:14]} e6
{[%clk 1:22:42]} 3. c4 {[%clk 1:23:30]} Nc6 {[%clk 1:23:04]} 4. Nc3
{[%clk 1:23:49]} Nd4 {[%clk 1:23:29]} 5. d3 {[%clk 1:20:16]} Ne7 {[%clk 1:23:40]}
6. g3 {[%clk 1:19:32]} Nec6 {[%clk 1:23:58]} 7. Bg2 {[%clk 1:19:47]} g6
{[%clk 1:16:59]} 8. O-O {[%clk 1:18:49]} Nxf3+ {[%clk 1:16:59]} 9. Qxf3
{[%clk 1:16:28]} Bg7 {[%clk 1:17:22]} 10. Be3 {[%clk 1:16:39]} d6
{[%clk 1:17:43]} 11. Qd1 {[%clk 1:16:47]} O-O {[%clk 1:12:15]} 12. f4
{[%clk 1:16:34]} Rb8 {[%clk 1:11:24]} 13. Qd2 {[%clk 1:14:29]} Nd4
{[%clk 1:05:46]} 14. Kh1 {[%clk 1:12:53]} Bd7 {[%clk 1:05:36]} 15. Rae1
{[%clk 1:10:42]} b5 {[%clk 0:59:39]} 16. Nd1 {[%clk 0:44:12]} bxc4
{[%clk 0:33:38]} 17. dxc4 {[%clk 0:44:27]} Qb6 {[%clk 0:34:03]} 18. Rf2
{[%clk 0:42:18]} Qb4 {[%clk 0:33:08]} 19. Qxb4 {[%clk 0:42:03]} Rxb4
{[%clk 0:33:33]} 20. b3 {[%clk 0:42:27]} Rb6 {[%clk 0:27:43]} 21. Bd2
{[%clk 0:41:48]} Bc6 {[%clk 0:18:54]} 22. Ne3 {[%clk 0:38:21]} Ra6
{[%clk 0:14:52]} 23. Bc3 {[%clk 0:38:17]} Nf3 {[%clk 0:14:27]} 24. Rc1
{[%clk 0:37:37]} Bxc3 {[%clk 0:14:24]} 25. Rxc3 {[%clk 0:38:02]} Ne1
{[%clk 0:12:53]} 26. Re2 {[%clk 0:38:03]} Nxg2 {[%clk 0:13:20]} 27. Nxg2
{[%clk 0:38:25]} Rd8 {[%clk 0:11:29]} 28. Kg1 {[%clk 0:38:31]} Rb6
{[%clk 0:10:01]} 29. Ne1 {[%clk 0:36:56]} Kf8 {[%clk 0:04:10]} 30. Nd3
{[%clk 0:36:34]} a5 {[%clk 0:02:38]} 31. e5 {[%clk 0:35:09]} Be8 {[%clk 0:02:47]}
32. exd6 {[%clk 0:32:24]} Rc8 {[%clk 0:03:15]} 33. Nf2 {[%clk 0:26:39]} Rxd6
{[%clk 0:03:31]} 34. Ne4 {[%clk 0:27:01]} Rd1+ {[%clk 0:01:31]} 35. Kf2
{[%clk 0:27:21]} h6 {[%clk 0:01:00]} 36. Rcc2 {[%clk 0:25:18]} Ke7
{[%clk 0:00:40]} 37. Rcd2 {[%clk 0:24:51]} Rxd2 {[%clk 0:00:35]} 38. Rxd2
{[%clk 0:25:15]} f5 {[%clk 0:00:53]} 39. Nc3 {[%clk 0:24:51]} Rb8
{[%clk 0:01:22]} 40. Rd3 {[%clk 0:17:56]} a4 {[%clk 0:00:33]} 41. Ke3
{[%clk 0:18:08]} axb3 {[%clk 0:00:34]} 42. axb3 {[%clk 0:18:33]} g5
{[%clk 0:00:33]} 43. Ne2 {[%clk 0:12:51]} Bc6 {[%clk 0:00:43]} 44. Nc1
{[%clk 0:10:32]} gxf4+ {[%clk 0:00:42]} 45. gxf4 {[%clk 0:10:48]} Rg8
{[%clk 0:01:04]} 46. Rd2 {[%clk 0:09:55]} Be4 {[%clk 0:01:33]} 47. Ne2
{[%clk 0:09:19]} Rb8 {[%clk 0:01:23]} 48. Rb2 {[%clk 0:08:58]} Kf6
{[%clk 0:01:51]} 49. Ng3 {[%clk 0:06:26]} Bc6 {[%clk 0:02:16]} 50. Nh5+
{[%clk 0:05:51]} Kg6 {[%clk 0:02:38]} 51. Ng3 {[%clk 0:06:11]} Ba4
{[%clk 0:02:43]} 52. Kf2 {[%clk 0:00:41]} Rxb3 {[%clk 0:02:55]} 53. Re2
{[%clk 0:00:49]} Rb6 {[%clk 0:00:44]} 54. Re5 {[%clk 0:00:52]} Rc6
{[%clk 0:01:12]} 55. Nf1 {[%clk 0:00:40]} Bc2 {[%clk 0:01:24]} 56. Ke3
{[%clk 0:00:39]} Kf6 {[%clk 0:01:36]} 57. Kd2 {[%clk 0:00:41]} Be4
{[%clk 0:01:27]} 58. Ng3 {[%clk 0:00:45]} Bb1 {[%clk 0:01:26]} 59. Kc3
{[%clk 0:00:47]} Ke7 {[%clk 0:01:25]} 60. Re1 {[%clk 0:00:37]} Rb6
{[%clk 0:01:55]} 61. Nf1 {[%clk 0:00:40]} Be4 {[%clk 0:01:03]} 62. Nd2
{[%clk 0:00:59]} Bb7 {[%clk 0:00:41]} 63. Nb3 {[%clk 0:00:57]} Rc6
{[%clk 0:00:54]} 64. Ra1 {[%clk 0:00:36]} Rc7 {[%clk 0:00:53]} 65. Ra5
{[%clk 0:00:39]} Kd6 {[%clk 0:01:20]} 66. Rb5 {[%clk 0:00:41]} Bf3
{[%clk 0:01:09]} 67. Rb6+ {[%clk 0:00:42]} Kd7 {[%clk 0:00:47]} 68. Rb5
{[%clk 0:00:50]} Kd6 {[%clk 0:01:16]} 69. Rb6+ {[%clk 0:01:06]} Bc6
{[%clk 0:01:23]} 70. Rb8 {[%clk 0:00:58]} Rg7 {[%clk 0:01:21]} 71. Rd8+
{[%clk 0:00:39]} Bd7 {[%clk 0:00:45]} 72. Ra8 {[%clk 0:00:42]} Bc6
{[%clk 0:00:37]} 73. Rd8+ {[%clk 0:00:38]} Bd7 {[%clk 0:00:32]} 74. Ra8
{[%clk 0:01:01]} Rg4 {[%clk 0:00:32]} 75. Ra6+ {[%clk 0:01:19]} Kc7
{[%clk 0:00:42]} 76. Ra7+ {[%clk 0:01:04]} Kd6 {[%clk 0:00:47]} 77. Ra6+
{[%clk 0:01:22]} Kc7 {[%clk 0:00:51]} 78. Ra7+ {[%clk 0:01:22]} Kc6
{[%clk 0:00:53]} 79. Ra6+ {[%clk 0:01:34]} Kc7 {[%clk 0:01:10]} 1/2-1/2

[Event "Moscow Open 2018 F"]
[Site "?"]
[Date "2018.02.03"]
[Round "9.5"]
[White "Fotin, Vladimir"]
[Black "Lugovskoy, Maxim"]
[Result "1/2-1/2"]
[BlackElo "2459"]
[WhiteElo "2315"]
[LiveChessVersion "1.4.8"]

1. e4 {[%clk 1:25:10]} c6 {[%clk 1:25:27]} 2. d4 {[%clk 1:24:35]} d5
{[%clk 1:25:52]} 3. Nc3 {[%clk 1:24:40]} dxe4 {[%clk 1:25:04]} 4. Nxe4
{[%clk 1:25:00]} Nf6 {[%clk 1:25:29]} 5. Nxf6+ {[%clk 1:18:03]} gxf6
{[%clk 1:24:13]} 6. Nf3 {[%clk 1:15:22]} Bg4 {[%clk 1:13:59]} 7. Be2
{[%clk 1:09:46]} Rg8 {[%clk 1:08:20]} 8. c3 {[%clk 0:59:51]} Nd7 {[%clk 1:00:50]}
9. Bf4 {[%clk 0:56:00]} Nb6 {[%clk 0:54:43]} 10. O-O {[%clk 0:31:16]} e6
{[%clk 0:46:03]} 11. Bg3 {[%clk 0:29:05]} Be7 {[%clk 0:31:03]} 12. Qd2
{[%clk 0:24:37]} f5 {[%clk 0:26:41]} 13. h3 {[%clk 0:18:28]} Bxf3
{[%clk 0:19:01]} 14. Bxf3 {[%clk 0:18:45]} Bg5 {[%clk 0:19:28]} 15. Qe2
{[%clk 0:17:45]} Nd5 {[%clk 0:16:01]} 16. Rad1 {[%clk 0:15:49]} Bh6
{[%clk 0:09:34]} 17. Be5 {[%clk 0:09:29]} Qh4 {[%clk 0:06:23]} 18. Bxd5
{[%clk 0:08:57]} exd5 {[%clk 0:05:11]} 19. Bg3+ {[%clk 0:05:56]} Qe4
{[%clk 0:04:10]} 20. Rfe1 {[%clk 0:04:49]} Qxe2 {[%clk 0:03:19]} 21. Rxe2+
{[%clk 0:05:13]} Kd7 {[%clk 0:03:47]} 22. Bh4 {[%clk 0:03:11]} Rae8
{[%clk 0:02:47]} 23. Rxe8 {[%clk 0:02:34]} Rxe8 {[%clk 0:02:56]} 24. Kf1
{[%clk 0:03:00]} b5 {[%clk 0:01:03]} 25. f3 {[%clk 0:02:11]} a5 {[%clk 0:00:44]}
26. Re1 {[%clk 0:01:45]} Rxe1+ {[%clk 0:00:34]} 27. Kxe1 {[%clk 0:02:13]} a4
{[%clk 0:00:59]} 28. Kd1 {[%clk 0:01:34]} Be3 {[%clk 0:00:39]} 29. Ke2
{[%clk 0:01:18]} Bf4 {[%clk 0:00:38]} 30. Kd3 {[%clk 0:01:27]} Ke6
{[%clk 0:00:36]} 31. b3 {[%clk 0:01:34]} axb3 {[%clk 0:00:34]} 32. axb3
{[%clk 0:02:03]} Kd7 {[%clk 0:00:31]} 33. Be1 {[%clk 0:01:44]} Bd6
{[%clk 0:00:34]} 34. Bd2 {[%clk 0:01:36]} h5 {[%clk 0:00:33]} 35. b4
{[%clk 0:01:44]} Ke6 {[%clk 0:00:37]} 36. f4 {[%clk 0:02:00]} Kf6
{[%clk 0:00:00]} 1/2-1/2